| 000 | 00742nam a2200265Ia 4500 | ||
|---|---|---|---|
| 003 | OSt | ||
| 005 | 20220925215426.0 | ||
| 006 | a|||||r|||| 00| 0 | ||
| 007 | ta | ||
| 008 | 220923b |||||||| |||| 00| 0 eng d | ||
| 020 | _a0340800283 | ||
| 037 | _cGeneral Book | ||
| 040 |
_aRTL _cRTL _beng |
||
| 041 |
_2eng _aeng |
||
| 082 | _aU44, P3 | ||
| 100 |
_aHill Michael _972873 |
||
| 245 | 0 | _aRural settlement and the urban impact on the countryside | |
| 260 |
_aLondon _bHodder & Stoughton Educational _c2003 |
||
| 300 |
_aiv,155p _ccm. |
||
| 490 | _aAccess to Geography | ||
| 500 | _aBibliography P 153-155 | ||
| 650 | _aRural Sociology | ||
| 942 |
_hU44, P3 _cGB _2CC |
||
| 999 |
_c568777 _d568777 |
||